[Event "2. Bundesliga West 2009/20010"]
[Site "Tirol"]
[Date "2009.10.25"]
[Round "3"]
[Board "5"]
[White "Jedinger, Andreas"]
[Black "Berchtenbreiter, Maximilian"]
[Result "1-0"]
[WhiteElo "2170"]
[BlackElo "2143"]
[PlyCount "41"]
[EventDate "2009.10.23"]
[EventType "team"]
[EventRounds "11"]
[EventCountry "AUT"]
[WhiteTeam "Rochade Rum"]
[BlackTeam "Hypo Kufstein"]

1.e4 c5 2.Nf3 d6 3.d4 cxd4 4.Nxd4 Nf6 5.Nc3 a6 6.Qf3 g6 7.h3 Nbd7 8.g4 Bg7 9.Be3
Nc5 10.g5 Nfd7 11.O-O-O b5 12.Nc6 Qc7 13.Nxe7 b4 14.Ncd5 Qa5 15.Bd4 Bxd4 16.Rxd4
b3 17.a3 Bb7 18.c3 Kf8 19.Qf4 Kg7 20.Qxd6 Rad8 21.Nf5+

[Event "2. Bundesliga West 2009/20010"]
[Site "Tirol"]
[Date "2009.10.25"]
[Round "3"]
[Board "6"]
[White "Steinbacher, Thomas"]
[Black "Muehlbacher, Bernhard"]
[Result "1/2-1/2"]
[WhiteElo "2059"]
[BlackElo "2156"]
[PlyCount "113"]
[EventDate "2009.10.23"]
[EventType "team"]
[EventRounds "11"]
[EventCountry "AUT"]
[WhiteTeam "Hypo Kufstein"]
[BlackTeam "Rochade Rum"]

1.d4 f5 2.Bg5 g6 3.Nc3 Bg7 4.e4 fxe4 5.Nxe4 Nf6 6.Nxf6+ exf6 7.Be3 d5 8.Bd3 Nc6
9.Qd2 O-O 10.O-O-O a5 11.c3 Ne7 12.h4 Rf7 13.f3 Rb8 14.g4 b5 15.Ne2 b4 16.Kb1
bxc3 17.Qxc3 c6 18.Bf4 Ra8 19.Qc5 Bd7 20.Nc3 a4 21.Bc2 Nc8 22.Nxa4 Be8 23.Bb3
Rfa7 24.Qc2 g5 25.h5 gxf4 26.Nc5 Re7 27.Rhe1 Bf7 28.Nd3 Rxe1 29.Rxe1 Ne7 30.Nxf4
Qd6 31.Nd3 Re8 32.Ba4 f5 33.Ne5 Qb4 34.Rd1 Bxe5 35.dxe5 fxg4 36.a3 Qf4 37.fxg4
Qxg4 38.Ka1 Bxh5 39.Qh2 Bg6 40.Bc2 Qh5 41.Qg3 Qe2 42.Bb3 Nf5 43.Qc3 Ne7 44.Rg1
Qf2 45.Rc1 Rf8 46.Rd1 Rf3 47.Qb4 c5 48.Qb8+ Kg7 49.Qb7 Rxb3 50.Qxb3 Bc2 51.Qb7
Bxd1 52.Qxe7+ Qf7 53.Qg5+ Qg6 54.Qe7+ Kg8 55.Qd8+ Kg7 56.Qe7+ Kg8 57.Qd8+

[Event "2. Bundesliga West 2009/20010"]
[Site "Tirol"]
[Date "2009.10.25"]
[Round "3"]
[Board "1"]
[White "Dizdar, Goran"]
[Black "Reich, Thomas"]
[Result "1-0"]
[WhiteElo "2563"]
[BlackElo "2368"]
[PlyCount "119"]
[EventDate "2009.10.23"]
[EventType "team"]
[EventRounds "11"]
[EventCountry "AUT"]
[WhiteTeam "SC Absam"]
[BlackTeam "Sparkasse Jenbach II"]

1.d4 Nf6 2.Nf3 g6 3.c4 Bg7 4.g3 c6 5.Bg2 O-O 6.Nc3 d5 7.cxd5 cxd5 8.Ne5 e6 9.O-O
Nfd7 10.f4 Nxe5 11.fxe5 Nc6 12.Be3 Bd7 13.Qd2 f6 14.exf6 Rxf6 15.Rfd1 Rf8 16.Kh1
Be8 17.Bh3 Bd7 18.Bg5 Bf6 19.Bxf6 Rxf6 20.e4 Ne7 21.e5 Rf8 22.Rf1 Qb6 23.Rf6
Rxf6 24.exf6 Nf5 25.Rd1 Rf8 26.g4 Nd6 27.g5 Nf7 28.Re1 Qd6 29.Bg2 Re8 30.Nd1 e5
31.dxe5 Rxe5 32.Rxe5 Qxe5 33.Bxd5 Bc6 34.Bxc6 bxc6 35.Qd7 h6 36.Nf2 Qd5+ 37.Qxd5
cxd5 38.Ng4 h5 39.Nh6+ Nxh6 40.gxh6 d4 41.Kg2 g5 42.Kf3 g4+ 43.Ke4 h4 44.Kf5 g3
45.Ke6 g2 46.f7+ Kh7 47.f8=Q g1=Q 48.Qe7+ Kxh6 49.Qxh4+ Kg6 50.Kd5 Qa1 51.Qe4+
Kh6 52.Qf4+ Kg6 53.Qd6+ Kh5 54.Qe5+ Kg6 55.Qg3+ Kh6 56.Qh3+ Kg5 57.Qg2+ Kh5
58.a3 d3 59.Kc4 Qb1 60.Kc3

[Event "2. Bundesliga West 2009/20010"]
[Site "Tirol"]
[Date "2009.10.25"]
[Round "3"]
[Board "2"]
[White "Deglmann, Ludwig"]
[Black "Rotstein, Arkadij"]
[Result "1-0"]
[WhiteElo "2329"]
[BlackElo "2534"]
[PlyCount "99"]
[EventDate "2009.10.23"]
[EventType "team"]
[EventRounds "11"]
[EventCountry "AUT"]
[WhiteTeam "Sparkasse Jenbach II"]
[BlackTeam "SC Absam"]

1.d4 Nf6 2.Nf3 g6 3.c4 Bg7 4.Nc3 O-O 5.e4 d6 6.Be2 Nbd7 7.O-O e5 8.Be3 Re8 9.d5
Nh5 10.Re1 Bf8 11.Nd2 Ng7 12.b4 f5 13.f3 Be7 14.Nb3 Bg5 15.Bf2 Nf6 16.c5 Rf8
17.a4 h5 18.Ra2 fxe4 19.Nxe4 Nxe4 20.fxe4 Ne8 21.Qd3 Bh4 22.Bf3 Bxf2+ 23.Rxf2
Nf6 24.Na5 b6 25.cxb6 axb6 26.Nc6 Qe8 27.Bd1 Bd7 28.Ref1 Kg7 29.b5 Bxc6 30.dxc6
Qe7 31.Bb3 d5 32.exd5 Qc5 33.h3 Ne8 34.Bc2 Rf5 35.Qg3 h4 36.Qxh4 Rxf2 37.Rxf2
Qd4 38.Qg5 e4 39.Qe7+ Kh6 40.Qf8+ Kh7 41.Bxe4 Nd6 42.Bxg6+ Kxg6 43.Qxa8 Ne4
44.Qg8+ Kh6 45.Qf8+ Kg6 46.Qf7+ Kh6 47.Qf4+ Kg6 48.Kh2 Qxd5 49.Qg4+ Kh6 50.Rf5

[Event "2. Bundesliga West 2009/20010"]
[Site "Tirol"]
[Date "2009.10.25"]
[Round "3"]
[Board "3"]
[White "Duer, Werner"]
[Black "Micheli, Carlo"]
[Result "1-0"]
[WhiteElo "2250"]
[BlackElo "2293"]
[PlyCount "75"]
[EventDate "2009.10.23"]
[EventType "team"]
[EventRounds "11"]
[EventCountry "AUT"]
[WhiteTeam "SC Absam"]
[BlackTeam "Sparkasse Jenbach II"]

1.d4 Nf6 2.Nf3 c5 3.e3 e6 4.c4 b6 5.Bd3 Bb7 6.O-O d6 7.Nc3 Nbd7 8.a3 Be7 9.Rb1
O-O 10.b4 Rc8 11.Qe2 Qc7 12.Bd2 Rfe8 13.Rfc1 Qb8 14.Ng5 Qa8 15.f3 h6 16.Nh3 Bf8
17.Qf2 d5 18.cxd5 exd5 19.Nf4 g6 20.bxc5 bxc5 21.a4 cxd4 22.exd4 Nb6 23.Nb5 Nc4
24.Bb4 Bxb4 25.Bxc4 Qb8 26.Nd3 Ba5 27.Ba2 a6 28.Rxc8 Bxc8 29.Nc3 Qd6 30.Ne2 Bf5
31.Rd1 Qa3 32.Nec1 Qxa4 33.Bb3 Qb5 34.Nc5 h5 35.Ba4 Qb1 36.Bxe8 Nxe8 37.Qe2 Nd6
38.N1b3

[Event "2. Bundesliga West 2009/20010"]
[Site "Tirol"]
[Date "2009.10.25"]
[Round "3"]
[Board "4"]
[White "Meier, Alexander"]
[Black "Gerhold, Michael"]
[Result "1/2-1/2"]
[WhiteElo "2146"]
[BlackElo "2241"]
[PlyCount "46"]
[EventDate "2009.10.23"]
[EventType "team"]
[EventRounds "11"]
[EventCountry "AUT"]
[WhiteTeam "Sparkasse Jenbach II"]
[BlackTeam "SC Absam"]

1.e4 c5 2.Nf3 Nc6 3.d4 cxd4 4.Nxd4 Nf6 5.Nc3 e5 6.Ndb5 d6 7.Bg5 a6 8.Na3 b5
9.Bxf6 gxf6 10.Nd5 f5 11.Bd3 Be6 12.c3 Bg7 13.Nxb5 axb5 14.Bxb5 Bd7 15.exf5 O-O
16.O-O e4 17.Re1 Re8 18.a4 Rc8 19.Qg4 Re5 20.Ne3 Qf6 21.Rad1 Kh8 22.Nd5 Qd8
23.Ne3 Qf6

[Event "2. Bundesliga West 2009/20010"]
[Site "Tirol"]
[Date "2009.10.25"]
[Round "3"]
[Board "5"]
[White "Embacher, Gregor"]
[Black "Schnegg, Daniel"]
[Result "1/2-1/2"]
[WhiteElo "2149"]
[BlackElo "2092"]
[PlyCount "133"]
[EventDate "2009.10.23"]
[EventType "team"]
[EventRounds "11"]
[EventCountry "AUT"]
[WhiteTeam "SC Absam"]
[BlackTeam "Sparkasse Jenbach II"]

1.d4 d6 2.c4 e5 3.dxe5 dxe5 4.Qxd8+ Kxd8 5.Nc3 Be6 6.b3 c6 7.g3 Nd7 8.Bh3 Nc5
9.Bb2 Nf6 10.Rd1+ Nfd7 11.f4 exf4 12.gxf4 f6 13.e4 Kc7 14.Bg2 a5 15.Nge2 a4
16.Nd4 Bg4 17.Rd2 axb3 18.axb3 Ne6 19.Nxe6+ Bxe6 20.Kd1 Nc5 21.Kc2 Bd6 22.Rf1
Rhd8 23.Ne2 Bf7 24.Nd4 Re8 25.Nf5 Bf8 26.e5 Bg6 27.Bh3 Bxf5+ 28.Bxf5 g6 29.Bd3
Rad8 30.Rf3 f5 31.Rh3 Rd7 32.Bc3 Ra8 33.Kb2 Rad8 34.Kc2 Ne6 35.Rf2 Bc5 36.Rf1
Bd4 37.Bxd4 Nxd4+ 38.Kc3 Ra8 39.Kb2 Ne6 40.Bc2 Kb6 41.Rh6 Re8 42.h4 Rd2 43.Kc3
Rd4 44.Rxh7 Rxf4 45.Rxf4 Nxf4 46.h5 Nxh5 47.Bxf5 gxf5 48.Rxh5 Rxe5 49.Kd4 Re4+
50.Kd3 Rf4 51.Ke3 Rf1 52.Ke2 Rb1 53.Rxf5 Rxb3 54.Kd2 Rg3 55.Kc2 Ka6 56.Rf6 Ka5
57.Rf7 b6 58.Rf6 c5 59.Rc6 Kb4 60.Rxb6+ Kxc4 61.Rh6 Rg2+ 62.Kc1 Kb4 63.Rh3 Re2
64.Rg3 Kc4 65.Rh3 Kd4 66.Rg3 Re3 67.Rxe3

[Event "2. Bundesliga West 2009/20010"]
[Site "Tirol"]
[Date "2009.10.25"]
[Round "3"]
[Board "6"]
[White "Anfang, Max"]
[Black "Natter, Siegfried"]
[Result "0-1"]
[WhiteElo "2008"]
[BlackElo "2262"]
[PlyCount "60"]
[EventDate "2009.10.23"]
[EventType "team"]
[EventRounds "11"]
[EventCountry "AUT"]
[WhiteTeam "Sparkasse Jenbach II"]
[BlackTeam "SC Absam"]

1.Nf3 d5 2.e3 Nf6 3.d4 e6 4.c4 c5 5.Nc3 Ne4 6.Bd3 Nxc3 7.bxc3 Nc6 8.O-O Be7 9.a4
O-O 10.Ba3 b6 11.Qe2 Bb7 12.cxd5 Qxd5 13.e4 Qh5 14.Rfd1 Rfd8 15.Rab1 c4 16.Bxc4
Bxa3 17.Rb5 Qh6 18.Rg5 Rac8 19.Rg3 Qf4 20.Rh3 g6 21.e5 Ne7 22.Qa2 Rxc4 23.Qxc4
Nd5 24.Qb3 Be7 25.Nd2 Qf5 26.g4 Qxg4+ 27.Rg3 Qf5 28.Nc4 Nf4 29.Re1 Nh3+ 30.Rxh3
Qxh3

[Event "2. Bundesliga West 2009/20010"]
[Site "Bregenz"]
[Date "2009.10.25"]
[Round "3"]
[Board "1"]
[White "Froewis, Georg"]
[Black "Weindl, Alfred"]
[Result "1/2-1/2"]
[WhiteElo "2220"]
[BlackElo "2353"]
[PlyCount "95"]
[EventDate "2009.10.23"]
[EventType "team"]
[EventRounds "11"]
[EventCountry "AUT"]
[WhiteTeam "Hohenems II"]
[BlackTeam "Bregenz"]

1.c4 g6 2.Nc3 Bg7 3.g3 d6 4.Bg2 e5 5.d3 Nc6 6.e3 f5 7.Nge2 Nf6 8.O-O O-O 9.Rb1
a5 10.a3 Kh8 11.b4 axb4 12.axb4 g5 13.f4 gxf4 14.exf4 Qe7 15.b5 Nd8 16.Kh1 e4
17.dxe4 fxe4 18.f5 Nf7 19.Nd5 Nxd5 20.Qxd5 Ra2 21.Nd4 Ne5 22.Qxe4 Qf6 23.Bf4 Ng4
24.Ne6 Bxe6 25.Qxe6 Qxf5 26.Qxf5 Rxf5 27.b6 cxb6 28.Rxb6 Nf2+ 29.Rxf2 Rxf2
30.Rxd6 Rf8 31.Bxb7 Re8 32.Rd1 Bd4 33.Bd6 Ree2 34.g4 Be5 35.Bxe5+ Rxe5 36.Kg1
Rc2 37.Bd5 Ree2 38.Ra1 Rxh2 39.Ra8+ Kg7 40.g5 Kg6 41.Be4+ Kxg5 42.Rg8+ Kh4
43.Bxc2 Rxc2 44.Ra8 h5 45.Ra4 Kg3 46.Ra3+ Kg4 47.Rb3 Rxc4 48.Ra3

[Event "2. Bundesliga West 2009/20010"]
[Site "Bregenz"]
[Date "2009.10.25"]
[Round "3"]
[Board "2"]
[White "Poettinger, Harald"]
[Black "Novkovic, Milan"]
[Result "1/2-1/2"]
[WhiteElo "2196"]
[BlackElo "2393"]
[PlyCount "40"]
[EventDate "2009.10.23"]
[EventType "team"]
[EventRounds "11"]
[EventCountry "AUT"]
[WhiteTeam "Bregenz"]
[BlackTeam "Hohenems II"]

1.d4 Nf6 2.c4 e6 3.Nc3 Bb4 4.Qc2 O-O 5.a3 Bxc3+ 6.Qxc3 Ne4 7.Qc2 f5 8.e3 b6
9.Ne2 Bb7 10.f3 Qh4+ 11.g3 Qe7 12.Bg2 Nf6 13.O-O a5 14.Bd2 d6 15.Rac1 Nbd7
16.Rfd1 Rac8 17.Ra1 Ra8 18.Rac1 Rac8 19.Ra1 Ra8 20.Rac1 Rac8

[Event "2. Bundesliga West 2009/20010"]
[Site "Bregenz"]
[Date "2009.10.25"]
[Round "3"]
[Board "3"]
[White "Amann, Guenter"]
[Black "Bezler, Rainer"]
[Result "1/2-1/2"]
[WhiteElo "2293"]
[BlackElo "2292"]
[PlyCount "61"]
[EventDate "2009.10.23"]
[EventType "team"]
[EventRounds "11"]
[EventCountry "AUT"]
[WhiteTeam "Hohenems II"]
[BlackTeam "Bregenz"]

1.d4 d5 2.c4 c6 3.e3 Nf6 4.Nc3 Bf5 5.cxd5 cxd5 6.Qb3 Qb6 7.Nxd5 Nxd5 8.Qxd5 e6
9.Qb5+ Nc6 10.Qxb6 axb6 11.Bb5 Bd6 12.f3 O-O 13.Bxc6 bxc6 14.e4 Bg6 15.Ne2 b5
16.h4 f6 17.Bd2 e5 18.dxe5 Bxe5 19.Bc3 Bxc3+ 20.Nxc3 b4 21.Nd1 Rfd8 22.Rc1 Be8
23.a3 bxa3 24.bxa3 Rxa3 25.O-O Rd2 26.Rf2 Raa2 27.Rxd2 Rxd2 28.Ne3 Kf7 29.Nc4
Rd4 30.Na5 Rd6 31.Nb7

[Event "2. Bundesliga West 2009/20010"]
[Site "Bregenz"]
[Date "2009.10.25"]
[Round "3"]
[Board "4"]
[White "Hugentobler, Patrick"]
[Black "Atlas, Dimitry"]
[Result "1/2-1/2"]
[WhiteElo "2253"]
[BlackElo "2330"]
[PlyCount "62"]
[EventDate "2009.10.23"]
[EventType "team"]
[EventRounds "11"]
[EventCountry "AUT"]
[WhiteTeam "Bregenz"]
[BlackTeam "Hohenems II"]

1.e4 e6 2.d4 d5 3.Nc3 Bb4 4.exd5 exd5 5.Bd3 Nc6 6.a3 Bxc3+ 7.bxc3 Nge7 8.Qf3 O-O
9.Ne2 Re8 10.O-O Ng6 11.Nf4 Nxf4 12.Bxf4 Ne7 13.Rfe1 Be6 14.Qg3 c6 15.Qh4 Ng6
16.Qxd8 Raxd8 17.Bg3 Bd7 18.Kf1 b6 19.f3 Nf8 20.Rxe8 Rxe8 21.Re1 Ne6 22.Bd6 c5
23.dxc5 Nxc5 24.Rxe8+ Bxe8 25.Ke2 Nxd3 26.cxd3 f6 27.Ke3 Kf7 28.Bb8 a6 29.Ba7 b5
30.Bc5 Ke6 31.Kd4 g5

[Event "2. Bundesliga West 2009/20010"]
[Site "Bregenz"]
[Date "2009.10.25"]
[Round "3"]
[Board "5"]
[White "Sandholzer, Robert"]
[Black "Heilinger, Dietmar"]
[Result "0-1"]
[WhiteElo "2104"]
[BlackElo "2133"]
[PlyCount "72"]
[EventDate "2009.10.23"]
[EventType "team"]
[EventRounds "11"]
[EventCountry "AUT"]
[WhiteTeam "Hohenems II"]
[BlackTeam "Bregenz"]

1.e4 e6 2.d4 d5 3.Nd2 dxe4 4.Nxe4 Nd7 5.Nf3 Ngf6 6.Nxf6+ Nxf6 7.Bd3 c5 8.dxc5
Bxc5 9.Qe2 O-O 10.Bg5 Qa5+ 11.c3 Be7 12.O-O Rd8 13.Rfe1 Bd7 14.Ne5 Be8 15.Rad1
Qxa2 16.Ng4 Qa5 17.Nxf6+ Bxf6 18.Bxf6 gxf6 19.Qf3 Qg5 20.h4 Qh6 21.Qxb7 f5
22.Re3 Qxh4 23.Rh3 Qf6 24.Qf3 Rac8 25.Qh5 h6 26.Re1 Bc6 27.g4 fxg4 28.Rg3 Bf3
29.Be2 Rd5 30.Qh2 Rg5 31.Bxf3 gxf3 32.Re3 Rcc5 33.Kf1 Rcf5 34.Qh3 Qd8 35.Rexf3
Qd1+ 36.Kg2 Qxf3+

[Event "2. Bundesliga West 2009/20010"]
[Site "Bregenz"]
[Date "2009.10.25"]
[Round "3"]
[Board "6"]
[White "Juen, Leopold"]
[Black "Hillbrand, Johannes"]
[Result "1-0"]
[WhiteElo "1991"]
[BlackElo "1929"]
[PlyCount "65"]
[EventDate "2009.10.23"]
[EventType "team"]
[EventRounds "11"]
[EventCountry "AUT"]
[WhiteTeam "Bregenz"]
[BlackTeam "Hohenems II"]

1.e4 c5 2.Nc3 Nc6 3.g3 g6 4.Bg2 Bg7 5.d3 Nf6 6.Nge2 O-O 7.O-O Rb8 8.Be3 d6 9.h3
b5 10.a3 a5 11.Rb1 Bd7 12.Qd2 b4 13.axb4 axb4 14.Nd5 e6 15.Nxf6+ Bxf6 16.f4 Nd4
17.Kh2 Bg7 18.Ng1 Bc6 19.Nf3 e5 20.fxe5 dxe5 21.Rf2 Qd6 22.Qd1 f5 23.Nd2 f4
24.Nc4 fxg3+ 25.Kxg3 Qe7 26.Rxf8+ Rxf8 27.Qd2 Bf6 28.Kh2 Bh4 29.Kh1 Bd7 30.c3
Nf3 31.Qe2 Ng5 32.Kh2 Bb5 33.Nb6

[Event "2. Bundesliga West 2009/20010"]
[Site "Bregenz"]
[Date "2009.10.25"]
[Round "3"]
[Board "1"]
[White "Drabke, Lorenz"]
[Black "Schmidlechner, Alexander"]
[Result "1-0"]
[WhiteElo "2455"]
[BlackElo "2190"]
[PlyCount "71"]
[EventDate "2009.10.23"]
[EventType "team"]
[EventRounds "11"]
[EventCountry "AUT"]
[WhiteTeam "Dornbirn"]
[BlackTeam "Goetzis"]

1.e4 c5 2.Nf3 Nc6 3.Bb5 g6 4.Bxc6 dxc6 5.d3 Bg7 6.h3 Nf6 7.Be3 b6 8.Qd2 O-O
9.Bh6 Ne8 10.Nc3 Qd6 11.e5 Qd8 12.O-O-O Nc7 13.Rde1 Nb5 14.Re4 Nd4 15.Nxd4 cxd4
16.Ne2 c5 17.Ng3 f5 18.exf6 exf6 19.Rhe1 Bb7 20.Bxg7 Kxg7 21.Rh4 Qd7 22.Qh6+ Kg8
23.Ne4 Rf7 24.Qxh7+ Rxh7 25.Nxf6+ Kf8 26.Rxh7 Qf5 27.Nd7+ Kg8 28.Ree7 Qg5+
29.Kd1 Qxe7 30.Rxe7 Bxg2 31.Ke2 Bxh3 32.Nf6+ Kf8 33.Rh7 Bc8 34.Kf3 Rb8 35.Nd7+
Bxd7 36.Rh8+

[Event "2. Bundesliga West 2009/20010"]
[Site "Bregenz"]
[Date "2009.10.25"]
[Round "3"]
[Board "2"]
[White "Scheffknecht, Philipp"]
[Black "Szakolczai, Peter"]
[Result "0-1"]
[WhiteElo "2163"]
[BlackElo "2275"]
[PlyCount "100"]
[EventDate "2009.10.23"]
[EventType "team"]
[EventRounds "11"]
[EventCountry "AUT"]
[WhiteTeam "Goetzis"]
[BlackTeam "Dornbirn"]

1.d4 Nf6 2.Nf3 e6 3.c4 b6 4.g3 Ba6 5.b3 Bb4+ 6.Bd2 Be7 7.Bg2 c6 8.O-O O-O 9.Bc3
d5 10.Ne5 Nfd7 11.Nxd7 Nxd7 12.Nd2 b5 13.e4 dxc4 14.bxc4 bxc4 15.Qa4 Bb5 16.Qc2
Rb8 17.a4 Ba6 18.Rad1 Qc7 19.Rfe1 Bb4 20.e5 Be7 21.a5 Rfd8 22.f4 Nf8 23.Nf1 Rb3
24.Ne3 Rdb8 25.f5 Rxc3 26.Qxc3 Bb4 27.Qc1 Bxe1 28.Rxe1 exf5 29.Nxf5 Ng6 30.h4 h5
31.Bf3 c5 32.Qg5 [32.Bxh5 cxd4 33.e6] 32...cxd4 33.Bxh5 Qxa5 34.Rc1 d3 35.Bxg6
Qc5+ 36.Kh2 Qf2+ 37.Kh3 fxg6 38.Ne7+ Kf7 39.Qxg6+ Kxe7 40.Qd6+ Kf7 41.e6+ Kg6
42.e7+ Qf6 43.Qxb8 Qxe7 44.Rf1 Qe6+ 45.Kg2 Qc6+ 46.Kh3 Qc8+ 47.Qxc8 Bxc8+ 48.Kg2
d2 49.Kf3 c3 50.Ke3 Bg4

[Event "2. Bundesliga West 2009/20010"]
[Site "Bregenz"]
[Date "2009.10.25"]
[Round "3"]
[Board "3"]
[White "Novkovic, Julia"]
[Black "Gauss, Gustav"]
[Result "1/2-1/2"]
[WhiteElo "2116"]
[BlackElo "2153"]
[PlyCount "132"]
[EventDate "2009.10.23"]
[EventType "team"]
[EventRounds "11"]
[EventCountry "AUT"]
[WhiteTeam "Dornbirn"]
[BlackTeam "Goetzis"]

1.e4 e6 2.d4 d5 3.Nd2 a6 4.Ngf3 Nf6 5.Bd3 c5 6.exd5 Qxd5 7.O-O cxd4 8.Nb3 Nc6
9.Nbxd4 Nxd4 10.Nxd4 Bd7 11.Be3 Bc5 12.c4 Qd6 13.Nc2 Bc6 14.Qe2 h5 15.Bxc5 Qxc5
16.b4 Qd6 17.Rad1 Qf4 18.Qe3 Qxe3 19.Nxe3 Rd8 20.f3 O-O 21.Kf2 Rd7 22.Bc2 Rfd8
23.Rxd7 Rxd7 24.Rd1 Kf8 25.Rxd7 Bxd7 26.Bb3 Ke7 27.Ke2 h4 28.Nf1 Nh5 29.Ke3 e5
30.a4 f5 31.g3 hxg3 32.hxg3 Nxg3 33.Nxg3 f4+ 34.Kf2 fxg3+ 35.Kxg3 Be6 36.a5 g5
37.Kf2 Kd7 38.Ke3 Bf5 39.Bd1 Kd6 40.Ba4 Bb1 41.Bd1 Bf5 42.Be2 Be6 43.Ke4 Bd7
44.c5+ Ke6 45.Bc4+ Kf6 46.Bd5 Bf5+ 47.Ke3 Bc8 48.Bc4 Kf5 49.Bf1 Kf6 50.b5 axb5
51.Bxb5 g4 52.fxg4 Bxg4 53.Ke4 Be6 54.Be2 Bd7 55.Kd5 Ke7 56.Kxe5 Bc6 57.Bg4 Bg2
58.Bf5 Bf1 59.Bc8 Bg2 60.Be6 Bf1 61.Bd5 Ba6 62.Kd4 Kd7 63.Bc4 Bxc4 64.Kxc4 Kc6
65.Kb4 Kd7 66.Kb5 Kc7

[Event "2. Bundesliga West 2009/20010"]
[Site "Bregenz"]
[Date "2009.10.25"]
[Round "3"]
[Board "4"]
[White "Laske, Erich"]
[Black "Karrer, Damian"]
[Result "1-0"]
[WhiteElo "2076"]
[BlackElo "2159"]
[PlyCount "59"]
[EventDate "2009.10.23"]
[EventType "team"]
[EventRounds "11"]
[EventCountry "AUT"]
[WhiteTeam "Goetzis"]
[BlackTeam "Dornbirn"]

1.c4 e5 2.Nc3 Nf6 3.Nf3 Nc6 4.e4 Bc5 5.Nxe5 Nxe5 6.d4 Bb4 7.dxe5 Nxe4 8.Qd4 f5
9.exf6 Bxc3+ 10.bxc3 Nxf6 11.Ba3 d6 12.c5 Qe7+ 13.Be2 d5 14.O-O O-O 15.Bf3 c6
16.Rfe1 Qf7 17.Re2 Bf5 18.Rae1 Rae8 19.Bc1 Rxe2 20.Rxe2 Re8 21.Re5 Nd7 22.Re3
Re6 23.Be2 Qe7 24.c4 Qxc5 25.Qf4 Be4 26.Qc7 Nb6 27.Ba3 Qd4 28.Qd8+ Kf7 29.Bh5+
Rg6 30.Qe7+

[Event "2. Bundesliga West 2009/20010"]
[Site "Bregenz"]
[Date "2009.10.25"]
[Round "3"]
[Board "5"]
[White "Langwieser, Alexander"]
[Black "Kranz, Armin"]
[Result "0-1"]
[WhiteElo "2049"]
[BlackElo "2111"]
[PlyCount "64"]
[EventDate "2009.10.23"]
[EventType "team"]
[EventRounds "11"]
[EventCountry "AUT"]
[WhiteTeam "Dornbirn"]
[BlackTeam "Goetzis"]

1.e4 e5 2.Nf3 Nc6 3.d4 exd4 4.c3 dxc3 5.Bc4 Nf6 6.Nxc3 d6 7.Qb3 Qe7 8.Ng5 Ne5
9.Bb5+ c6 10.f4 h6 11.fxe5 dxe5 12.Nf3 cxb5 13.Qxb5+ Qd7 14.Qxe5+ Be7 15.O-O O-O
16.Rd1 Qe6 17.Be3 Qxe5 18.Nxe5 Ng4 19.Nd5 Bd8 20.Nxg4 Bxg4 21.Rd2 Re8 22.Nc3 Ba5
23.Rd4 a6 24.Bf2 Rad8 25.Rxd8 Rxd8 26.Nd5 Bd2 27.h3 Be2 28.Be1 Bg5 29.Nc3 Bh5
30.g4 Bg6 31.Kg2 Rd3 32.Rd1 Bxe4+

[Event "2. Bundesliga West 2009/20010"]
[Site "Braunau"]
[Date "2009.10.25"]
[Round "3"]
[Board "1"]
[White "Westermeier, Arnulf"]
[Black "Krstic, Uros"]
[Result "1/2-1/2"]
[WhiteElo "2277"]
[BlackElo "2377"]
[PlyCount "89"]
[EventDate "2009.10.23"]
[EventType "team"]
[EventRounds "11"]
[EventCountry "AUT"]
[WhiteTeam "ASK Salzburg"]
[BlackTeam "Sparkasse Schwarzach"]

1.e4 e5 2.Nc3 d6 3.Bc4 Be6 4.d3 Nf6 5.Nge2 Be7 6.O-O O-O 7.a4 Nc6 8.Ng3 d5
9.exd5 Nxd5 10.Nxd5 Bxd5 11.Bxd5 Qxd5 12.Nf5 Bf6 13.Be3 g6 14.Ng3 Bg7 15.f3 Nd4
16.Ne2 c5 17.Kh1 Rfe8 18.c4 Qd6 19.Nc3 Ne6 20.Qc2 a5 21.Rad1 Rad8 22.Rfe1 Qc6
23.h3 b6 24.Qb3 Nc7 25.Rd2 h6 26.Bf2 Kh7 27.Qc2 h5 28.Be3 Rd7 29.Red1 Red8 30.b3
Qe6 31.Qb1 Qf5 32.Qc2 g5 33.Kg1 Bh6 34.Qb1 Qg6 35.Qc2 f5 36.Kh1 h4 37.Re1 Bg7
38.Red1 Bf6 39.Bg1 Kh8 40.Be3 Qg7 41.Qc1 Qf7 42.Qc2 Qg7 43.Qc1 Kg8 44.Qc2 Kf8
45.d4

[Event "2. Bundesliga West 2009/20010"]
[Site "Braunau"]
[Date "2009.10.25"]
[Round "3"]
[Board "2"]
[White "Danner, Georg"]
[Black "Juergens, Klaus"]
[Result "1-0"]
[WhiteElo "2450"]
[BlackElo "2162"]
[PlyCount "99"]
[EventDate "2009.10.23"]
[EventType "team"]
[EventRounds "11"]
[EventCountry "AUT"]
[WhiteTeam "Sparkasse Schwarzach"]
[BlackTeam "ASK Salzburg"]

1.d4 Nf6 2.Nf3 c5 3.d5 e6 4.c4 d6 5.Nc3 exd5 6.cxd5 g6 7.Nd2 Bg7 8.Nc4 O-O 9.Bf4
Ne8 10.e3 b6 11.a4 Ba6 12.Nb5 Nd7 13.Be2 Bxb5 14.axb5 Ne5 15.Bxe5 Bxe5 16.O-O
Bg7 17.e4 Nc7 18.Qb3 Re8 19.Bd3 Qd7 20.Nd2 a6 21.Rxa6 Rxa6 22.bxa6 b5 23.a7 Bh6
24.Qc2 Na6 25.Ra1 Qb7 26.Nf3 Ra8 27.Qb3 Nb4 28.Bf1 Bg7 29.Ra5 Rxa7 30.Rxb5 Qc7
31.h4 Ra1 32.Qc4 Bxb2 33.Rxb4 Rc1 34.Rxb2 Rxc4 35.Bxc4 h6 36.g3 Qa5 37.Re2 Qa4
38.Nd2 Qa1+ 39.Kg2 f6 40.f4 Qd4 41.Bb5 g5 42.hxg5 fxg5 43.fxg5 hxg5 44.Nc4 g4
45.Nxd6 Qh8 46.Nf5 Qc3 47.d6 Qf3+ 48.Kh2 Qb3 49.d7 Qd1 50.Ne7+

[Event "2. Bundesliga West 2009/20010"]
[Site "Braunau"]
[Date "2009.10.25"]
[Round "3"]
[Board "3"]
[White "Loeffler, Christoph"]
[Black "Hecht, Hans-Joachim"]
[Result "1/2-1/2"]
[WhiteElo "2163"]
[BlackElo "2381"]
[PlyCount "69"]
[EventDate "2009.10.23"]
[EventType "team"]
[EventRounds "11"]
[EventCountry "AUT"]
[WhiteTeam "ASK Salzburg"]
[BlackTeam "Sparkasse Schwarzach"]

1.e4 e6 2.d4 d5 3.exd5 exd5 4.Bd3 Nc6 5.c3 Bd6 6.Ne2 Nge7 7.Bg5 f6 8.Bf4 Be6
9.Bxd6 Qxd6 10.Ng3 O-O-O 11.Na3 Rde8 12.Qc2 Ng6 13.O-O Nf4 14.Rfe1 g6 15.b4 Nxd3
16.Qxd3 Bd7 17.Qd2 Nd8 18.Rxe8 Rxe8 19.Nc2 Nf7 20.Re1 Rxe1+ 21.Nxe1 b6 22.Nd3
Bb5 23.Nb2 Qe7 24.Qe3 Qxe3 25.fxe3 Nd6 26.Kf2 h5 27.h4 g5 28.Nxh5 Ne4+ 29.Kf3
gxh4 30.Kg4 Nxc3 31.Nxf6 Bf1 32.a3 Bxg2 33.Kxh4 Bf1 34.Kg3 c6 35.Kf4

[Event "2. Bundesliga West 2009/20010"]
[Site "Braunau"]
[Date "2009.10.25"]
[Round "3"]
[Board "4"]
[White "Brumen, Dinko"]
[Black "Navratil, Robert"]
[Result "1-0"]
[WhiteElo "2342"]
[BlackElo "2112"]
[PlyCount "45"]
[EventDate "2009.10.23"]
[EventType "team"]
[EventRounds "11"]
[EventCountry "AUT"]
[WhiteTeam "Sparkasse Schwarzach"]
[BlackTeam "ASK Salzburg"]

1.d4 Nf6 2.Bg5 e6 3.e3 h6 4.Bh4 c5 5.Nf3 b6 6.Bd3 Bb7 7.O-O Be7 8.c3 O-O 9.Nbd2
d6 10.e4 cxd4 11.cxd4 Nbd7 12.Qe2 Nh5 13.Bxe7 Qxe7 14.Qe3 e5 15.d5 Nf4 16.Bb5
Rac8 17.g3 Nh3+ 18.Kg2 Rc5 19.Bc6 Nf6 20.Kxh3 Ng4 21.Qd3 Bxc6 22.dxc6 Qe6 23.Kg2

[Event "2. Bundesliga West 2009/20010"]
[Site "Braunau"]
[Date "2009.10.25"]
[Round "3"]
[Board "5"]
[White "Scheiblmaier, Robert"]
[Black "Huber, David"]
[Result "0-1"]
[WhiteElo "2095"]
[BlackElo "2163"]
[PlyCount "36"]
[EventDate "2009.10.23"]
[EventType "team"]
[EventRounds "11"]
[EventCountry "AUT"]
[WhiteTeam "ASK Salzburg"]
[BlackTeam "Sparkasse Schwarzach"]

1.d4 Nf6 2.c4 Nc6 3.Nc3 e5 4.e3 Bb4 5.Nf3 Qe7 6.Be2 O-O 7.O-O Bxc3 8.bxc3 d6
9.Rb1 Re8 10.Ba3 Rb8 11.c5 d5 12.Bb5 Bg4 13.h3 Bxf3 14.Qxf3 Ne4 15.Rb3 Nd2
16.Qxd5 Rbd8 17.Bxc6 Rxd5 18.Bxd5 c6